| 000 -LEADER |
| fixed length control field |
01302nam a22002417a 4500 |
| 003 - CONTROL NUMBER IDENTIFIER |
| control field |
OSt |
| 005 - DATE AND TIME OF LATEST TRANSACTION |
| control field |
20241120151217.0 |
| 008 - FIXED-LENGTH DATA ELEMENTS--GENERAL INFORMATION |
| fixed length control field |
220829b ||||| |||| 00| 0 eng d |
| 040 ## - CATALOGING SOURCE |
| Transcribing agency |
SSBUL |
| 082 ## - DEWEY DECIMAL CLASSIFICATION NUMBER |
| Edition number |
23 |
| Classification number |
၂၉၄.၃၈၂၄ တင် |
| Item number |
၁၃၁၇၆(၂) S-SAT |
| 100 0# - MAIN ENTRY--PERSONAL NAME |
| Personal name |
တင်မွန်၊ |
| Titles and words associated with a name |
မင်း၊ ဒေါက်တာ။ |
| 245 ## - TITLE STATEMENT |
| Title |
ဗုဒ္ဓအဘိဓမ္မာ အနှစ်ချုပ် / |
| Statement of responsibility, etc. |
ဒေါက်တာမင်းတင်မွန်။ |
| 250 ## - EDITION STATEMENT |
| Edition statement |
တတိယအကြိမ်။ |
| 260 ## - PUBLICATION, DISTRIBUTION, ETC. |
| Place of publication, distribution, etc. |
ရန်ကုန် ၊ |
| Name of publisher, distributor, etc. |
ရတနာမင်းစာပေ၊ |
| Date of publication, distribution, etc. |
၁၉၉၃။ |
| 300 ## - PHYSICAL DESCRIPTION |
| Extent |
၂၉၃ စာမျက်နှာ ၊ |
|
| Size of unit |
၁၇ စင်တီ။ |
| 500 ## - GENERAL NOTE |
| General note |
တက္ကသိုလ်များအထူးရက်တိုသင်တန်းသားများနှင့်အဘိဓမ္မာစာမေးပွဲဖြေဆိုလိုသူများအတွက်ရေးသားထားသောစာအုပ်ဖြစ်သည်။ |
|
| General note |
S-SAT: Dr. Sai Aung Tun Collection |
| 504 ## - BIBLIOGRAPHY, ETC. NOTE |
| Bibliography, etc. note |
ကျမ်းကိုးစာရင်းပါသည်။ |
| 650 ## - SUBJECT ADDED ENTRY--TOPICAL TERM |
| Topical term or geographic name entry element |
အဘိဓမ္မာ |
| 910 ## - USER-OPTION DATA (OCLC) |
| User-option data |
အဘိဓမ္မာ |
| 942 ## - ADDED ENTRY ELEMENTS (KOHA) |
| Koha item type |
Book (Short term) |
| Source of classification or shelving scheme |
|